The Informational City / Information Technology, Economic Restructuring, and the Urban-Regional Process (Record no. 2677)
[ view plain ]
| 000 -LEADER | |
|---|---|
| fixed length control field | 01343cam a22001934a 4500 |
| 005 - ΗΜΕΡΟΜΗΝΙΑ ΚΑΙ ΩΡΑ ΤΕΛΕΥΤΑΙΑΣ ΕΝΗΜΕΡΩΣΗΣ | |
| Πεδίο ελέγχου | 20250605164050.0 |
| 008 - FIXED-LENGTH DATA ELEMENTS--GENERAL INFORMATION | |
| Πεδίο ελέγχου σταθερού μήκους | 250528s ||||||||||||||||||||||||d |
| 035 ## - SYSTEM CONTROL NUMBER | |
| System control number | 17249 |
| 020 ## - ISBN | |
| ISBN | 631179372 |
| 040 ## - ΠΗΓΗ ΚΑΤΑΛΟΓΟΓΡΑΦΗΣΗΣ | |
| Φορέας πρωτότυπης καταλογογράφησης | MC Athens Campus Library |
| Γλώσσα καταλογογράφησης | Ελληνικά, Μοντέρνα (1453-) |
| Modifying agency | MC Athens Campus Library |
| Κανόνες περιγραφικής καταλογογράφησης | AACR2 |
| 245 1# - ΤΙΤΛΟΣ ΚΑΙ ΔΗΛΩΣΗ ΥΠΕΥΘΥΝΟΤΗΤΑΣ | |
| Τίτλος | The Informational City / Information Technology, Economic Restructuring, and the Urban-Regional Process |
| 260 ## - PUBLICATION, DISTRIBUTION, ETC. | |
| Name of publisher, distributor, etc. | Blackwell, |
| Date of publication, distribution, etc. | 1994 |
| 300 ## - PHYSICAL DESCRIPTION | |
| Extent | 406 |
| 520 ## - SUMMARY, ETC. | |
| Summary, etc. | A marvelous synthesis of research and trends affecting American cities. Acknowledgements, Introduction, The Informational Mode of Development and the Restructuring of Capitalism, The New Industrial Space: The Locational Pattern of Information-Technology Manufacturing and Its Effects on Spatial Dynamics, The Space of Flows: The Use of New Technologies in the Information Economy and the Dialectics between Centralization and Decentralization of Services, Information Technology and the Restructuring of Capital-Labor Relationships and the Rise of the Dual City, High Technology and the Transition from the Urban Welfare State, The Internationalization of the Economy and New Technologies and the Variable Geometry of the Spatial Structure, The Reconstruction of Social Meaning in the Space of Flows, Notes, Index. |
| 700 1# - ΠΡΟΣΘΕΤΗ ΑΝΑΓΡΑΦΗ--ΦΥΣΙΚΟ ΠΡΟΣΩΠΟ | |
| Personal name | Castells Manuel |
| 9 (RLIN) | 3409 |
| 942 ## - ADDED ENTRY ELEMENTS (KOHA) | |
| Koha item type | Books |
| Τύπος τεκμηρίου | Βιβλιοθήκη | Τρέχουσα τοποθεσία | Barcode | Αριθμός εισαγωγής | Ημερομηνία απόκτησης | Ταξιθετικό σύμβολο | Αριθμός αντιτύπου | Κατάσταση απόσυρσης | Κατάσταση χαμένου | Κατάσταση κατεστραμμένου | Μη δανεισμός | Σύνολο δανεισμών | Ημερομηνία τελευταίας εμφάνισης | Η τιμή ισχύει από |
|---|---|---|---|---|---|---|---|---|---|---|---|---|---|---|
| Books | MC Athens Campus Library | MC Athens Campus Library | 9780000026767 | 9144 | 05/06/2025 | 330.9173/2 CAS | 1 | 05/06/2025 | 05/06/2025 |